Central Library OPAC University of Rajshahi

Group dynamics: (Record no. 33571)

MARC details
000 -LEADER
fixed length control field 00898nam a22002891 4500
001 - CONTROL NUMBER
control field 33571
003 - CONTROL NUMBER IDENTIFIER
rucl marc code BD-RjUL
005 - DATE AND TIME OF LATEST TRANSACTION
control field 20211209052029.0
008 - FIXED-LENGTH DATA ELEMENTS--GENERAL INFORMATION
fixed length control field 140510s1960 ilua b 001 0 eng d
035 ## - SYSTEM CONTROL NUMBER
System control number (BD-RjUL)33662
System control number (OCoLC)190165
040 ## - CATALOGING SOURCE
Original cataloging agency DLC
Transcribing agency OWibfC
Modifying agency OCoLC
-- DLC
-- BD-RjUL
Language of cataloging eng
041 ## - LANGUAGE CODE
Language code of text/sound track or separate title eng
082 00 - DEWEY DECIMAL CLASSIFICATION NUMBER
Classification number 301.15
Author mark and year GRO 1960
245 10 - TITLE STATEMENT
Title Group dynamics:
Remainder of title research and theory /
Statement of responsibility, etc. Edited by Dorwin Cartwright [and] Alvin Zander.
250 ## - EDITION STATEMENT
Edition statement 2d ed.
260 ## - PUBLICATION, DISTRIBUTION, ETC. (IMPRINT)
Place of publication, distribution, etc. Evanston, Ill. :
Name of publisher, distributor, etc. Row, Peterson ,
Date of publication, distribution, etc. 1960.
300 ## - PHYSICAL DESCRIPTION
Pagination 826 p. :
Illustrations ill. ;
Size 24 cm.
504 ## - BIBLIOGRAPHY, ETC. NOTE
Bibliography, etc Includes bibliography. and Index
650 #0 - SUBJECT ADDED ENTRY--TOPICAL TERM
Topical term or geographic name as entry element Small groups.
9 (RLIN) 101876
Topical term or geographic name as entry element Social psychology.
9 (RLIN) 101877
Topical term or geographic name as entry element Leadership.
9 (RLIN) 101878
700 1# - ADDED ENTRY--PERSONAL NAME
Personal name Cartwright, Dorwin,
Dates associated with a name 1913-
Relator term joint ed.
Personal name Zander, Alvin Frederick,
942 ## - ADDED ENTRY ELEMENTS (KOHA)
Source of classification or shelving scheme Dewey Decimal Classification
Koha item type Books
Holdings
Lost status Source of classification or shelving scheme Damaged status Not for loan Collection code Permanent Location Current Location Shelving location Date acquired Source of acquisition Cost, normal purchase price Total Checkouts Full call number Date last seen Copy number Koha item type
  Dewey Decimal Classification     Non-fiction Central Library, University of Rajshahi Central Library, University of Rajshahi   23/11/1967 Zeitlinger 65.00   301.15 GRO 1960 10/05/2014 C-6 Books
  Dewey Decimal Classification     Non-fiction Central Library, University of Rajshahi Central Library, University of Rajshahi   23/11/1967 Zeitlinger 65.00   301.15 GRO 1960 10/05/2014 C-7 Books
  Dewey Decimal Classification     Non-fiction Central Library, University of Rajshahi Central Library, University of Rajshahi   23/11/1967 zeithinger 65.00   301.15 GRO 1960 10/05/2014 C-5 Books
  Dewey Decimal Classification     Non-fiction Central Library, University of Rajshahi Central Library, University of Rajshahi   10/02/1965 Asia foundation     301.15 GRO 1960 14/05/2014 C-4 Books
  Dewey Decimal Classification     Non-fiction Central Library, University of Rajshahi Central Library, University of Rajshahi   23/11/1967 Zeitlinger 62.00   301.15 GRO 1960 17/05/2014 C-8 Books
  Dewey Decimal Classification     Non-fiction Central Library, University of Rajshahi Central Library, University of Rajshahi   23/11/1967 Zeitlinger 65.00   301.15 GRO 1960 20/05/2014 C-9 Books